Liên bang Mỹ đặc điểm xã hội văn hóa

Guardat en:
Dades bibliogràfiques
Autor principal: Nguyễn, Thái Yên Hương
Format: Llibre
Idioma:Undetermined
Publicat: Hà Nội Văn hóa Thông tin 2005
Etiquetes: Afegir etiqueta
Sense etiquetes, Sigues el primer a etiquetar aquest registre!
Thư viện lưu trữ: Trung tâm Học liệu Trường Đại học Cần Thơ
LEADER 00543nam a2200181Ia 4500
001 CTU_74047
008 210402s9999 xx 000 0 und d
020 |b 62000 
082 |a 973.31 
082 |b H561 
100 |a Nguyễn, Thái Yên Hương 
245 0 |a Liên bang Mỹ đặc điểm xã hội văn hóa 
245 0 |c Nguyễn Thái Yên Hương 
260 |a Hà Nội 
260 |b Văn hóa Thông tin 
260 |c 2005 
904 |i Mai Loan 
980 |a Trung tâm Học liệu Trường Đại học Cần Thơ